| 000 | 003380000a22001450004500 | ||
|---|---|---|---|
| 003 | MACL | ||
| 040 | _aMACL | ||
| 090 |
_c31444 _d31442 |
||
| 100 | _aLowe, Doug | ||
| 245 | _aPowerpoint 4 For Windows Dummies | ||
| 260 |
_bComdex Computer Publishing _c1997 |
||
| 350 | _a150 | ||
| 650 | _aComputer Programming | ||
| 942 |
_cBOOK _k005.368/LOW |
||
| 999 |
_c31129 _d31129 |
||